000 00681nam a2200229 i 4500
001 C2-0230826
003 PPAK
005 20180728083914.0
008 001101s1988 my |||| ||||| | zxx d
040 _aPPAK
_beng
_cPPAK
_erda
082 0 4 _a959.5
_223
090 0 0 _a959.5
_bMUB
_dKSI
100 0 _aHaji Mubin Sheppard,
_cTan Sri Dato' Dr.
_eauthor
245 1 0 _aSejarah Persatuan Sejarah Malaysia kenangan seorang pengasas persatuan
264 1 _aKuala Lumpur :
_bPersatuan Sejarah Malaysia ,
_c1988
300 _c20 cm
336 _2rdacontent
_atext
337 _2rdamedia
_aunmediated
338 _2rdacarrier
_avolume
650 1 0 _aCorporation reports
942 _ddc
_cB
999 _c150360
_d150360